[Event "BL2-Sued 9697"]
[Site "Germany"]
[Date "1997.??.??"]
[Round "?.8"]
[White "Ostl, Andreas"]
[Black "Hauke, Christian"]
[Result "0-1"]
[WhiteElo "2280"]
[BlackElo "2190"]
[PlyCount "74"]
[EventDate "1996.10.??"]
[EventType "team-tourn"]
[EventRounds "9"]
[EventCountry "GER"]
[SourceTitle "GER-chT2"]
[Source "ChessBase"]
[SourceDate "1999.07.01"]
[SourceVersion "1"]
[SourceVersionDate "1999.07.01"]
[SourceQuality "1"]
[WhiteTeam "Heidelberg"]
[BlackTeam "Baiertal"]
[WhiteTeamCountry "GER"]
[BlackTeamCountry "GER"]

1. d4 Nf6 2. c4 e6 3. Nf3 b6 4. Bg5 Bb4+ 5. Bd2 Qe7 6. a3 Bxd2+ 7. Nbxd2 Bb7 8. e3 d6 9. Be2 0-0 10. 0-0 Nbd7 11. b4 c5 12. Qb3 Rab8 13. Rab1 e5 14. d5 e4 15. Ne1 b5 16. bxc5 Nxc5 17. Qxb5 Qc7 18. Qb2 Bxd5 19. Qa1 Qa5 20. Rxb8 Rxb8 21. Qc1 Be6 22. Nc2 Na4 23. Nb4 Rc8 24. Qa1 Qg5 25. Rb1 h5 26. Qd4 h4 27. Qxd6 Nc3 28. Re1 Nxe2+ 29. Rxe2 Bxc4 30. Nxc4 Rxc4 31. h3 Rc1+ 32. Kh2 Qb5 33. Qd2 Qe5+ 34. g3 Rf1 35. Kg2 Qa1 36. gxh4 Rg1+ 37. Kh2 Qf1 0-1

[Event "BL2-Sued 9596"]
[Site "Germany"]
[Date "1996.??.??"]
[Round "?.5"]
[White "Dietz, Holger"]
[Black "Ostl, Andreas"]
[Result "1/2-1/2"]
[WhiteElo "2265"]
[BlackElo "2295"]
[PlyCount "21"]
[EventDate "1995.10.??"]
[EventType "team-tourn"]
[EventRounds "9"]
[EventCountry "GER"]
[SourceTitle "GER-chT2"]
[Source "ChessBase"]
[SourceDate "1999.07.01"]
[SourceVersion "1"]
[SourceVersionDate "1999.07.01"]
[SourceQuality "1"]
[WhiteTeam "Wuerzburg"]
[BlackTeam "Heidelberg"]
[WhiteTeamCountry "GER"]
[BlackTeamCountry "GER"]

1. Nf3 d5 2. d4 c6 3. c3 Bf5 4. Bf4 e6 5. e3 Nf6 6. Nbd2 Nbd7 7. h3 Ne4 8. Nxe4 Bxe4 9. Be2 Be7 10. Qb3 Qb6 11. 0-0 1/2-1/2

[Event "BL2-Sued 9596"]
[Site "Germany"]
[Date "1996.??.??"]
[Round "?.7"]
[White "Ostl, Andreas"]
[Black "Schneider, Bernd2"]
[Result "1/2-1/2"]
[WhiteElo "2295"]
[BlackElo "2235"]
[PlyCount "29"]
[EventDate "1995.10.??"]
[EventType "team-tourn"]
[EventRounds "9"]
[EventCountry "GER"]
[SourceTitle "GER-chT2"]
[Source "ChessBase"]
[SourceDate "1999.07.01"]
[SourceVersion "1"]
[SourceVersionDate "1999.07.01"]
[SourceQuality "1"]
[WhiteTeam "Heidelberg"]
[BlackTeam "Eppingen"]
[WhiteTeamCountry "GER"]
[BlackTeamCountry "GER"]

1. d4 Nf6 2. c4 c5 3. d5 b5 4. cxb5 a6 5. bxa6 Bxa6 6. Nc3 g6 7. Bg5 Bg7 8. d6 0-0 9. dxe7 Qxe7 10. e3 Rd8 11. Bxa6 Nxa6 12. Nge2 d5 13. 0-0 Qb7 14. Bxf6 Bxf6 15. Qd2 1/2-1/2

[Event "BL2-Sued 9596"]
[Site "Germany"]
[Date "1996.??.??"]
[Round "?.7"]
[White "Stoll, Ferdinand"]
[Black "Ostl, Andreas"]
[Result "1/2-1/2"]
[WhiteElo "2240"]
[BlackElo "2295"]
[PlyCount "114"]
[EventDate "1995.10.??"]
[EventType "team-tourn"]
[EventRounds "9"]
[EventCountry "GER"]
[SourceTitle "GER-chT2"]
[Source "ChessBase"]
[SourceDate "1999.07.01"]
[SourceVersion "1"]
[SourceVersionDate "1999.07.01"]
[SourceQuality "1"]
[WhiteTeam "Sindelfingen"]
[BlackTeam "Heidelberg"]
[WhiteTeamCountry "GER"]
[BlackTeamCountry "GER"]

1. c4 c5 2. g3 g6 3. Bg2 Bg7 4. Nc3 e6 5. e4 Ne7 6. Nge2 Nbc6 7. 0-0 a6 8. d3 Rb8 9. Be3 Nd4 10. Rb1 Nec6 11. a3 b5 12. cxb5 axb5 13. b4 cxb4 14. axb4 0-0 15. Nxd4 Bxd4 16. Qd2 Qe7 17. Bh6 Rd8 18. Ne2 Bb6 19. d4 e5 20. dxe5 Nxe5 21. Nc3 Bb7 22. Bg5 f6 23. Nd5 Bxd5 24. Qxd5+ Kg7 25. Bf4 g5 26. Bxe5 fxe5 27. Bh3 Bd4 28. Bf5 Rb6 29. Rfc1 Qd6 30. Qxd6 Rxd6 31. Rc7 Bb6 32. Rb7 h6 33. Rb2 Kf6 34. Kf1 Ke7 35. Ke2 Bd4 36. Rd2 Rb6 37. Rxb6 Bxb6 38. Rd5 Bd4 39. Rxb5 Ra8 40. Rb7 Ra2+ 41. Kd3 Rxf2 42. Kc4 Rxh2 43. Rxd7+ Kf8 44. g4 h5 45. gxh5 Rxh5 46. Kd5 Rh6 47. Be6 Rg6 48. Kd6 Rf6 49. b5 Rf2 50. Rd8+ Kg7 51. Rg8+ Kh6 52. Rh8+ Kg7 53. Rg8+ Kh6 54. Bf5 Rb2 55. Rh8+ Kg7 56. Rh7+ Kf6 57. Rb7 Rg2 1/2-1/2

[Event "BL2-Sued 9495"]
[Site "Germany"]
[Date "1995.??.??"]
[Round "2.4"]
[White "Bosbach, Gerhard"]
[Black "Ostl, Andreas"]
[Result "1/2-1/2"]
[WhiteElo "2265"]
[BlackElo "2345"]
[PlyCount "22"]
[EventDate "1994.10.??"]
[EventType "team-tourn"]
[EventRounds "9"]
[EventCountry "GER"]
[SourceTitle "GER-chT2"]
[Source "ChessBase"]
[SourceDate "1999.07.01"]
[SourceVersion "1"]
[SourceVersionDate "1999.07.01"]
[SourceQuality "1"]
[WhiteTeam "Eppingen"]
[BlackTeam "Heidelberg"]
[WhiteTeamCountry "GER"]
[BlackTeamCountry "GER"]

1. d4 Nf6 2. c4 d6 3. Nc3 e5 4. Nf3 Nc6 5. dxe5 dxe5 6. Qxd8+ Kxd8 7. Bg5 Be7 8. Bxf6 Bxf6 9. Nd5 Be6 10. 0-0-0 Bxd5 11. cxd5 Nd4 1/2-1/2

[Event "Eislingen tt"]
[Site "Eislingen"]
[Date "1994.??.??"]
[Round "?"]
[White "Braeuning, Rudolf Wilhelm"]
[Black "Ostl, Andreas"]
[Result "1-0"]
[WhiteElo "2285"]
[BlackElo "2345"]
[PlyCount "33"]
[EventDate "1994.??.??"]
[EventType "team-tourn"]
[EventRounds "1"]
[EventCountry "GER"]
[SourceTitle "EXT 2002"]
[Source "ChessBase"]
[SourceDate "2001.11.25"]
[SourceVersion "1"]
[SourceVersionDate "2001.11.25"]
[SourceQuality "1"]

1. e4 d6 2. d4 g6 3. Nc3 Bg7 4. Bc4 c6 5. Qf3 e6 6. Bf4 d5 7. Bb3 Bxd4 8. 0-0-0 Qf6 9. Rxd4 Qxd4 10. exd5 Ne7 11. Nge2 Qg7 12. d6 Nd5 13. Bxd5 cxd5 14. Nb5 Na6 15. d7+ Bxd7 16. Nd6+ Ke7 17. Qa3 1-0

[Event "BL2-Sued 9394"]
[Site "Germany"]
[Date "1994.??.??"]
[Round "?.2"]
[White "Mohrlok, Dieter A"]
[Black "Ostl, Andreas"]
[Result "1/2-1/2"]
[WhiteElo "2415"]
[BlackElo "2345"]
[PlyCount "30"]
[EventDate "1993.10.??"]
[EventType "team-tourn"]
[EventRounds "9"]
[EventCountry "GER"]
[SourceTitle "GER-chT2"]
[Source "ChessBase"]
[SourceDate "1999.07.01"]
[SourceVersion "1"]
[SourceVersionDate "1999.07.01"]
[SourceQuality "1"]
[WhiteTeam "Stuttgart"]
[BlackTeam "Heidelberg"]
[WhiteTeamCountry "GER"]
[BlackTeamCountry "GER"]

1. e4 d6 2. d4 g6 3. Nc3 Bg7 4. g3 Nd7 5. Bg2 e5 6. Nge2 Ne7 7. 0-0 0-0 8. Be3 f5 9. f4 fxe4 10. dxe5 Nf5 11. Bc1 dxe5 12. Nxe4 c6 13. Qd3 Qb6+ 14. Kh1 exf4 15. Rxf4 Nc5 1/2-1/2

[Event "Baden-NRW"]
[Site "Germany"]
[Date "1994.??.??"]
[Round "?"]
[White "Ostl, Andreas"]
[Black "Michalczak, Thomas"]
[Result "1-0"]
[WhiteElo "2345"]
[BlackElo "2290"]
[PlyCount "75"]
[EventDate "1994.??.??"]
[EventType "team-tourn"]
[EventRounds "1"]
[EventCountry "GER"]
[SourceTitle "GER"]
[Source "ChessBase"]
[SourceDate "1999.07.01"]
[SourceVersion "1"]
[SourceVersionDate "1999.07.01"]
[SourceQuality "1"]

1. d4 Nf6 2. g3 g6 3. Bg2 Bg7 4. c4 d6 5. Nc3 0-0 6. Nf3 Nbd7 7. 0-0 e5 8. Qc2 c6 9. Rd1 Qe7 10. e4 a6 11. a4 a5 12. b3 Re8 13. d5 c5 14. Ne1 Nh5 15. Qe2 Ndf6 16. Nd3 h6 17. Bd2 Nh7 18. Bf3 N5f6 19. Rf1 Ng5 20. Bg2 Nh3+ 21. Kh1 Nh5 22. Rae1 b6 23. Nb5 Rd8 24. f4 exf4 25. Nxf4 N3xf4 26. gxf4 Re8 27. Qf2 Ba6 28. e5 Bxb5 29. cxb5 dxe5 30. fxe5 Ra7 31. Bf3 Bxe5 32. Bxh5 gxh5 33. Rg1+ Kh8 34. Bxh6 Qd6 35. Bg7+ Bxg7 36. Rxe8+ Bf8 37. Qf5 Qh6 38. Rxf8+ 1-0

[Event "BL2-Sued 9394"]
[Site "Germany"]
[Date "1994.??.??"]
[Round "?.2"]
[White "Ostl, Andreas"]
[Black "Tompa, Janos"]
[Result "0-1"]
[WhiteElo "2345"]
[BlackElo "2450"]
[PlyCount "88"]
[EventDate "1993.10.??"]
[EventType "team-tourn"]
[EventRounds "9"]
[EventCountry "GER"]
[SourceTitle "GER-chT2"]
[Source "ChessBase"]
[SourceDate "1999.07.01"]
[SourceVersion "1"]
[SourceVersionDate "1999.07.01"]
[SourceQuality "1"]
[WhiteTeam "Heidelberg"]
[BlackTeam "Kirchheim"]
[WhiteTeamCountry "GER"]
[BlackTeamCountry "GER"]

1. Nf3 Nf6 2. g3 d5 3. Bg2 c6 4. 0-0 Bg4 5. h3 Bxf3 6. exf3 e6 7. f4 Be7 8. d3 0-0 9. Nd2 Nbd7 10. Nf3 Qb6 11. Qe2 Rfe8 12. c3 a5 13. Be3 Qa6 14. Ne5 Nxe5 15. fxe5 Nd7 16. f4 f6 17. Rae1 fxe5 18. fxe5 Bc5 19. h4 Bxe3+ 20. Qxe3 Qb6 21. d4 c5 22. Bh3 cxd4 23. cxd4 Rac8 24. Re2 h6 25. g4 Rf8 26. g5 Rxf1+ 27. Kxf1 hxg5 28. hxg5 Nf8 29. Bg4 Qc6 30. g6 Nxg6 31. Kg2 Rf8 32. Rf2 Rxf2+ 33. Qxf2 Nf8 34. Bh5 Qc7 35. a4 Qe7 36. Qf4 g6 37. Bg4 Kg7 38. b3 b6 39. Kg3 Nh7 40. Kf3 Qh4 41. Ke3 Nf8 42. Ke2 Qe7 43. Kf2 g5 44. Qh2 Qb4 0-1

[Event "BL2-Sued 9394"]
[Site "Germany"]
[Date "1993.??.??"]
[Round "?.2"]
[White "Horvath, Tamas"]
[Black "Ostl, Andreas"]
[Result "1-0"]
[WhiteElo "2475"]
[BlackElo "2345"]
[PlyCount "77"]
[EventDate "1993.10.??"]
[EventType "team-tourn"]
[EventRounds "9"]
[EventCountry "GER"]
[SourceTitle "GER-chT2"]
[Source "ChessBase"]
[SourceDate "1999.07.01"]
[SourceVersion "1"]
[SourceVersionDate "1999.07.01"]
[SourceQuality "1"]
[WhiteTeam "Tuebingen"]
[BlackTeam "Heidelberg"]
[WhiteTeamCountry "GER"]
[BlackTeamCountry "GER"]

1. e4 d6 2. d4 g6 3. Nf3 Bg7 4. c3 Nd7 5. Bc4 e5 6. dxe5 dxe5 7. Ng5 Nh6 8. Be3 Qe7 9. h3 Nb6 10. Bb3 f6 11. Nf3 Be6 12. Nbd2 Nf7 13. a4 Bh6 14. Bxh6 Nxh6 15. a5 Nd7 16. a6 b6 17. 0-0 0-0-0 18. Bd5 Nb8 19. Bb7+ Kd7 20. Qa4+ c6 21. Rfd1 Kc7 22. b4 Nf7 23. c4 Nd6 24. c5 Nxb7 25. cxb6+ Kxb6 26. Rdc1 Rd3 27. axb7 a6 28. Rxc6+ Nxc6 29. Qxa6+ Kc7 30. Qxd3 Rd8 31. Qc2 Qxb4 32. Rb1 Qd6 33. Nb3 Bxb3 34. Qxb3 Rb8 35. Qb6+ Kd7 36. Rb2 Nd4 37. Nxd4 exd4 38. Qxd6+ Kxd6 39. Kf1 1-0

[Event "BL2-Sued 9293"]
[Site "Germany"]
[Date "1993.??.??"]
[Round "?.3"]
[White "Ostl, Andreas"]
[Black "Becker, Marc"]
[Result "1-0"]
[WhiteElo "2335"]
[BlackElo "2380"]
[PlyCount "57"]
[EventDate "1992.10.??"]
[EventType "team-tourn"]
[EventRounds "9"]
[EventCountry "GER"]
[SourceTitle "GER-chT2"]
[Source "ChessBase"]
[SourceDate "1999.07.01"]
[SourceVersion "1"]
[SourceVersionDate "1999.07.01"]
[SourceQuality "1"]
[WhiteTeam "Heidelberg"]
[BlackTeam "Miesenbach"]
[WhiteTeamCountry "GER"]
[BlackTeamCountry "GER"]

1. d4 Nf6 2. Nf3 g6 3. Bf4 Bg7 4. c3 0-0 5. Nbd2 d6 6. h3 c5 7. dxc5 dxc5 8. e4 Nc6 9. Bb5 Bd7 10. a4 a6 11. Be2 Nh5 12. Bh2 e5 13. 0-0 Nf4 14. Nc4 Nxe2+ 15. Qxe2 Qc7 16. Rfd1 b5 17. Ncxe5 Nxe5 18. Nxe5 Bxe5 19. Bxe5 Qxe5 20. Rxd7 Rfe8 21. Qf3 Qe6 22. Rad1 bxa4 23. e5 Rf8 24. Qf4 Qb3 25. R1d6 Rab8 26. e6 a3 27. bxa3 fxe6 28. Qh6 Rf7 29. Rd8+ 1-0

[Event "BL2-Sued 9293"]
[Site "Germany"]
[Date "1993.??.??"]
[Round "?.3"]
[White "Ostl, Andreas"]
[Black "Howell, James C"]
[Result "1/2-1/2"]
[WhiteElo "2335"]
[BlackElo "2470"]
[PlyCount "94"]
[EventDate "1992.10.??"]
[EventType "team-tourn"]
[EventRounds "9"]
[EventCountry "GER"]
[SourceTitle "GER-chT2"]
[Source "ChessBase"]
[SourceDate "1999.07.01"]
[SourceVersion "1"]
[SourceVersionDate "1999.07.01"]
[SourceQuality "1"]
[WhiteTeam "Heidelberg"]
[BlackTeam "Goeggingen"]
[WhiteTeamCountry "GER"]
[BlackTeamCountry "GER"]

1. d4 Nf6 2. Nf3 g6 3. Bf4 Bg7 4. e3 d6 5. h3 0-0 6. Be2 Nbd7 7. 0-0 b6 8. c4 Bb7 9. Nc3 Ne4 10. Nxe4 Bxe4 11. Rc1 c5 12. b3 Nf6 13. d5 a6 14. Nh4 Ne8 15. Bf3 Bxf3 16. Nxf3 b5 17. e4 e5 18. dxe6 fxe6 19. Bg5 Qb6 20. e5 dxe5 21. Qe2 Nf6 22. Nxe5 Rad8 23. Rcd1 Qc7 24. Rxd8 Rxd8 25. Ng4 Nxg4 26. Qxe6+ Kf8 27. hxg4 Qd6 28. Qe2 Re8 29. Qf3+ Kg8 30. Be3 bxc4 31. bxc4 Bd4 32. Rd1 Qe5 33. Bxd4 cxd4 34. Qd5+ Kf8 35. Qxe5 Rxe5 36. Rxd4 Re1+ 37. Kh2 Ra1 38. Rd2 Rc1 39. Rd8+ Kf7 40. Rd7+ Kg8 41. Rc7 Rc2 42. f4 Rxa2 43. c5 Rc2 44. c6 a5 45. f5 a4 46. Rc8+ Kf7 47. c7 a3 1/2-1/2

[Event "BL2-Sued 9293"]
[Site "Germany"]
[Date "1993.??.??"]
[Round "?.3"]
[White "Schmidt, Stefan"]
[Black "Ostl, Andreas"]
[Result "1-0"]
[WhiteElo "2290"]
[BlackElo "2335"]
[PlyCount "69"]
[EventDate "1992.10.??"]
[EventType "team-tourn"]
[EventRounds "9"]
[EventCountry "GER"]
[SourceTitle "GER-chT2"]
[Source "ChessBase"]
[SourceDate "1999.07.01"]
[SourceVersion "1"]
[SourceVersionDate "1999.07.01"]
[SourceQuality "1"]
[WhiteTeam "Viernheim"]
[BlackTeam "Heidelberg"]
[WhiteTeamCountry "GER"]
[BlackTeamCountry "GER"]

1. e4 d6 2. d4 Nf6 3. Nc3 Nbd7 4. Nf3 e5 5. Bc4 h6 6. 0-0 g6 7. dxe5 dxe5 8. b3 c6 9. a4 Bb4 10. Na2 Bc5 11. b4 Bb6 12. a5 Bc7 13. Nc3 Kf8 14. Qe2 Kg7 15. Bb2 Qe7 16. b5 Nf8 17. a6 g5 18. axb7 Bxb7 19. bxc6 Bxc6 20. Nd5 Bxd5 21. exd5 Ng6 22. Rfe1 Nd7 23. Nd4 Qf6 24. Nc6 Bb6 25. Ra3 Rhe8 26. g3 Qd6 27. Rf3 f6 28. Rf5 Bc5 29. Qf3 Nb6 30. Ba2 a5 31. Nxe5 Nxe5 32. Rexe5 Rxe5 33. Bxe5 fxe5 34. Rf7+ Kg8 35. Qf5 1-0

[Event "BL2-Sued 9293"]
[Site "Germany"]
[Date "1992.??.??"]
[Round "?.3"]
[White "Belik, Dalibor"]
[Black "Ostl, Andreas"]
[Result "1/2-1/2"]
[WhiteElo "2335"]
[BlackElo "2335"]
[PlyCount "70"]
[EventDate "1992.10.??"]
[EventType "team-tourn"]
[EventRounds "9"]
[EventCountry "GER"]
[SourceTitle "GER-chT2"]
[Source "ChessBase"]
[SourceDate "1999.07.01"]
[SourceVersion "1"]
[SourceVersionDate "1999.07.01"]
[SourceQuality "1"]
[WhiteTeam "Untergrombach"]
[BlackTeam "Heidelberg"]
[WhiteTeamCountry "GER"]
[BlackTeamCountry "GER"]

1. e4 d6 2. d4 g6 3. Nc3 Bg7 4. Be3 Nd7 5. Qd2 b6 6. Nf3 Bb7 7. h3 a6 8. a4 h6 9. Bd3 e6 10. 0-0 Ne7 11. Rae1 c6 12. Ne2 Qc7 13. c4 a5 14. Nc3 e5 15. Rc1 Rd8 16. Rfd1 f5 17. g3 Qb8 18. exf5 gxf5 19. dxe5 dxe5 20. Nh4 Nc5 21. Bxc5 bxc5 22. Qe3 e4 23. Be2 Bd4 24. Bh5+ Kf8 25. Qf4 Qxf4 26. gxf4 Rg8+ 27. Kf1 Kg7 28. Ne2 Bc8 29. b3 Be6 30. Ng2 Rd7 31. Rd2 Rb8 32. Rcd1 Rxb3 33. Ne3 Kf6 34. Nxd4 cxd4 35. Rxd4 Rbb7 1/2-1/2

[Event "Waldbronn tt"]
[Site "Waldbronn"]
[Date "1992.??.??"]
[Round "?"]
[White "Lin, Weiguo"]
[Black "Ostl, Andreas"]
[Result "1-0"]
[WhiteElo "2495"]
[BlackElo "2340"]
[PlyCount "89"]
[EventDate "1992.??.??"]
[EventType "team-tourn"]
[EventRounds "3"]
[EventCountry "GER"]
[SourceTitle "EXT 2002"]
[Source "ChessBase"]
[SourceDate "2001.11.25"]
[SourceVersion "1"]
[SourceVersionDate "2001.11.25"]
[SourceQuality "1"]

1. d4 Nf6 2. c4 c6 3. Nf3 d5 4. Nc3 e6 5. e3 Bd6 6. Bd3 Nbd7 7. e4 dxe4 8. Nxe4 Nxe4 9. Bxe4 0-0 10. 0-0 g6 11. Bh6 Re8 12. Qd2 e5 13. Rad1 Bc7 14. Bc2 exd4 15. Qxd4 Ne5 16. Qxe5 Bxe5 17. Rxd8 Bxh2+ 18. Kxh2 Rxd8 19. Re1 Be6 20. Bb3 c5 21. Ng5 Re8 22. Nxe6 Rxe6 23. Rxe6 fxe6 24. Bd1 b6 25. Bg4 Kf7 26. Kg3 Rd8 27. Be3 Kf6 28. Kf4 h5 29. Be2 e5+ 30. Ke4 Rd6 31. a3 a5 32. Bd3 g5 33. Be2 g4 34. g3 Rd8 35. Bd3 Ke6 36. Bd2 Rh8 37. Be2 Rf8 38. Be3 Kd6 39. Bd3 Ke6 40. Be2 Kd6 41. Kd3 Rh8 42. Kc3 h4 43. gxh4 Rxh4 44. Kd3 Ke6 45. Bg5 1-0

[Event "BL2-Sued 9192"]
[Site "Germany"]
[Date "1992.??.??"]
[Round "?"]
[White "Mandel, Andreas"]
[Black "Ostl, Andreas"]
[Result "1/2-1/2"]
[WhiteElo "2375"]
[BlackElo "2340"]
[PlyCount "43"]
[EventDate "1991.10.??"]
[EventType "team-tourn"]
[EventRounds "9"]
[EventCountry "GER"]
[SourceTitle "GER-chT2"]
[Source "ChessBase"]
[SourceDate "1999.07.01"]
[SourceVersion "1"]
[SourceVersionDate "1999.07.01"]
[SourceQuality "1"]

1. d4 Nf6 2. Nf3 e6 3. c4 b6 4. g3 Bb7 5. Bg2 Be7 6. 0-0 0-0 7. Nc3 d5 8. Ne5 h6 9. Bf4 Na6 10. Rc1 c5 11. cxd5 exd5 12. dxc5 Nxc5 13. Nb5 Ne6 14. Be3 Bc5 15. Nd4 Qd6 16. f4 Rfd8 17. Qd3 Nxd4 18. Bxd4 Ba6 19. Bxc5 bxc5 20. Qd2 Qb6 21. Rfd1 Rac8 22. Rc2 1/2-1/2

[Event "BL2-Sued 9192"]
[Site "Germany"]
[Date "1992.??.??"]
[Round "?"]
[White "Pfrommer, Christoph"]
[Black "Ostl, Andreas"]
[Result "0-1"]
[WhiteElo "2310"]
[BlackElo "2340"]
[PlyCount "75"]
[EventDate "1991.10.??"]
[EventType "team-tourn"]
[EventRounds "9"]
[EventCountry "GER"]
[SourceTitle "GER-chT2"]
[Source "ChessBase"]
[SourceDate "1999.07.01"]
[SourceVersion "1"]
[SourceVersionDate "1999.07.01"]
[SourceQuality "1"]

1. e4 d6 2. d4 g6 3. Nc3 Bg7 4. f4 Nd7 5. Nf3 c6 6. Bd3 e5 7. dxe5 dxe5 8. 0-0 exf4 9. Kh1 Nc5 10. Bxf4 Nxd3 11. cxd3 Ne7 12. Be5 f6 13. Bf4 Be6 14. d4 0-0 15. Qd2 g5 16. Bg3 h6 17. Rad1 Qd7 18. d5 Bf7 19. dxc6 Qxc6 20. Nd4 Qa6 21. Ndb5 Rac8 22. Nc7 Qb6 23. N3d5 Nxd5 24. Nxd5 Qe6 25. Qb4 Rc2 26. Rfe1 h5 27. Ne3 Rc6 28. Nf5 Rb6 29. Qd4 h4 30. Bd6 Rd8 31. Nxg7 Qxd6 32. Qg1 Qf8 33. Nf5 Rxb2 34. Qxa7 h3 35. gxh3 Bh5 36. Rxd8 Qxd8 37. Kg1 Qc7 38. Ng3 0-1

[Event "BL2-Sued 9192"]
[Site "Germany"]
[Date "1992.??.??"]
[Round "?"]
[White "Roos, Daniel"]
[Black "Ostl, Andreas"]
[Result "1-0"]
[WhiteElo "2390"]
[BlackElo "2340"]
[PlyCount "77"]
[EventDate "1991.10.??"]
[EventType "team-tourn"]
[EventRounds "9"]
[EventCountry "GER"]
[SourceTitle "GER-chT2"]
[Source "ChessBase"]
[SourceDate "1999.07.01"]
[SourceVersion "1"]
[SourceVersionDate "1999.07.01"]
[SourceQuality "1"]

1. Nf3 Nf6 2. g3 d5 3. Bg2 c6 4. 0-0 Bf5 5. d3 h6 6. Nbd2 e6 7. Qe1 Be7 8. e4 Bh7 9. Qe2 Na6 10. Rb1 dxe4 11. Nxe4 Nb4 12. a3 Nbd5 13. Ne5 a5 14. c4 Nb6 15. Be3 Nbd7 16. Nxd7 Qxd7 17. Rbd1 0-0 18. Bb6 Qc8 19. Qd2 a4 20. Nxf6+ Bxf6 21. d4 Ra6 22. c5 Bd8 23. Bxd8 Rxd8 24. Rfe1 Qc7 25. Rc1 Qa5 26. Qe3 Raa8 27. Red1 Rd7 28. Rc4 Bf5 29. Rdc1 Re8 30. Rb4 Qd8 31. Rxa4 e5 32. Qf3 Bg6 33. dxe5 Rxe5 34. Bf1 Kh7 35. Rf4 Rd2 36. b4 f6 37. h4 Bd3 38. a4 Bc2 39. Rxc2 1-0

[Event "Bundesliga 9091"]
[Site "Germany"]
[Date "1991.??.??"]
[Round "?.3"]
[White "Mainka, Romuald"]
[Black "Ostl, Andreas"]
[Result "1-0"]
[WhiteElo "2430"]
[BlackElo "2325"]
[PlyCount "63"]
[EventDate "1990.10.06"]
[EventType "team-tourn"]
[EventRounds "15"]
[EventCountry "GER"]
[SourceTitle "GER-chT"]
[Source "ChessBase"]
[SourceDate "1999.07.01"]
[SourceVersion "1"]
[SourceVersionDate "1999.07.01"]
[SourceQuality "1"]
[WhiteTeam "Dortmund"]
[BlackTeam "Heidelberg"]
[WhiteTeamCountry "GER"]
[BlackTeamCountry "GER"]

1. e4 g6 2. d4 Bg7 3. Nc3 d6 4. g3 c6 5. a4 a5 6. Bg2 Nd7 7. Nge2 e5 8. Be3 Ne7 9. 0-0 0-0 10. Qd2 Qc7 11. Rad1 Nb6 12. b3 Be6 13. dxe5 dxe5 14. Bc5 Rfe8 15. Bd6 Qc8 16. Qe3 Nd7 17. f4 exf4 18. Qxf4 h6 19. Nd4 Ne5 20. Qe3 Bg4 21. Rd2 Nd5 22. Nxd5 cxd5 23. Qf2 dxe4 24. Bxe4 f5 25. Bg2 Kh7 26. Nb5 Rd8 27. Re1 Nf7 28. h3 Bh5 29. g4 Nxd6 30. Nxd6 Rxd6 31. Rxd6 fxg4 32. Re7 1-0

[Event "Bundesliga 9091"]
[Site "Germany"]
[Date "1991.??.??"]
[Round "?.3"]
[White "Ostl, Andreas"]
[Black "Hermann, Manfred"]
[Result "1/2-1/2"]
[WhiteElo "2325"]
[BlackElo "2385"]
[PlyCount "63"]
[EventDate "1990.10.06"]
[EventType "team-tourn"]
[EventRounds "15"]
[EventCountry "GER"]
[SourceTitle "GER-chT"]
[Source "ChessBase"]
[SourceDate "1999.07.01"]
[SourceVersion "1"]
[SourceVersionDate "1999.07.01"]
[SourceQuality "1"]
[WhiteTeam "Heidelberg"]
[BlackTeam "Delmenhorst"]
[WhiteTeamCountry "GER"]
[BlackTeamCountry "GER"]

1. d4 d5 2. Nf3 Nf6 3. c4 c6 4. Nc3 dxc4 5. a4 Bf5 6. e3 e6 7. Bxc4 Bb4 8. 0-0 0-0 9. Qe2 Nbd7 10. Nh4 Bg4 11. f3 Nd5 12. fxg4 Qxh4 13. g3 Qe7 14. Bd2 a5 15. e4 N5b6 16. Bb3 c5 17. dxc5 Nxc5 18. Bc2 e5 19. Nd5 Nxd5 20. exd5 Bxd2 21. Qxd2 Qd6 22. Rad1 b6 23. g5 Rae8 24. b4 axb4 25. Qxb4 e4 26. Rf5 f6 27. gxf6 Rxf6 28. Rxf6 gxf6 29. Qb5 Re7 30. Qc6 Qxc6 31. dxc6 Rc7 32. Rd4 1/2-1/2

[Event "Bundesliga 9091"]
[Site "Germany"]
[Date "1991.??.??"]
[Round "?.3"]
[White "Ostl, Andreas"]
[Black "Lau, Ralf"]
[Result "0-1"]
[WhiteElo "2325"]
[BlackElo "2485"]
[PlyCount "62"]
[EventDate "1990.10.06"]
[EventType "team-tourn"]
[EventRounds "15"]
[EventCountry "GER"]
[SourceTitle "GER-chT"]
[Source "ChessBase"]
[SourceDate "1999.07.01"]
[SourceVersion "1"]
[SourceVersionDate "1999.07.01"]
[SourceQuality "1"]
[WhiteTeam "Heidelberg"]
[BlackTeam "Solingen"]
[WhiteTeamCountry "GER"]
[BlackTeamCountry "GER"]

1. d4 Nf6 2. Nf3 d5 3. Bf4 c6 4. c3 Qb6 5. Qb3 Bf5 6. Nbd2 Nbd7 7. e3 h6 8. h3 e6 9. Be2 Be7 10. 0-0 0-0 11. c4 a5 12. Rfc1 Rfc8 13. Qxb6 Nxb6 14. Ne5 Bb4 15. Nb3 Na4 16. a3 Be7 17. g4 Bh7 18. Ra2 c5 19. cxd5 exd5 20. Bb5 c4 21. Bxa4 cxb3 22. Rxc8+ Rxc8 23. Bxb3 g5 24. Bg3 Rc1+ 25. Kh2 b5 26. a4 b4 27. h4 Be4 28. f3 Nxg4+ 29. Kh3 Nxe5 30. fxe4 g4+ 31. Kg2 Nc4 0-1

[Event "Bundesliga 9091"]
[Site "Germany"]
[Date "1991.??.??"]
[Round "?.3"]
[White "Ostl, Andreas"]
[Black "Lutz, Christopher"]
[Result "0-1"]
[WhiteElo "2325"]
[BlackElo "2500"]
[PlyCount "38"]
[EventDate "1990.10.06"]
[EventType "team-tourn"]
[EventRounds "15"]
[EventCountry "GER"]
[SourceTitle "GER-chT"]
[Source "ChessBase"]
[SourceDate "1999.07.01"]
[SourceVersion "1"]
[SourceVersionDate "1999.07.01"]
[SourceQuality "1"]
[WhiteTeam "Heidelberg"]
[BlackTeam "Koeln Porz"]
[WhiteTeamCountry "GER"]
[BlackTeamCountry "GER"]

1. d4 Nf6 2. Nf3 g6 3. c4 Bg7 4. Nc3 d5 5. e3 0-0 6. cxd5 Nxd5 7. Bc4 Nxc3 8. bxc3 c5 9. 0-0 Qc7 10. Qe2 b6 11. Ba3 Bb7 12. Rac1 Nc6 13. Rfd1 Na5 14. Bd3 Rfd8 15. e4 e6 16. dxc5 bxc5 17. Nd2 Bc6 18. f3 Bh6 19. Bc2 Bxd2 0-1